000 00399nam a2200157Ia 4500
008 180207s9999 xx 000 0 und d
050 _bP866 1992
100 _aPotter, Beatrix.
245 4 _aThe tale of squirrel nutkin /
245 _cBeatrix Potter.
260 _aUSA :
260 _bOttenheimer Publishers, Inc.,
260 _c1992
300 _aunpaged :
300 _bcolor illustration ;
999 _c355248
_d355248